La ayuda mutua en la construcción de vivienda en Costa Rica. Experiencias y perspectivas. Avance: resultados preliminares /
Gorde:
| Egile nagusia: | |
|---|---|
| Beste egile batzuk: | , |
| Formatua: | Texto |
| Argitaratua: |
San José:
Presidencia de la República. Oficina de Información
|
| Etiketak: |
Etiketa erantsi
Etiketarik gabe, Izan zaitez lehena erregistro honi etiketa jartzen!
|
MARC
| LEADER | 00000 a a2200000 04500 | ||
|---|---|---|---|
| 001 | 14967 | ||
| 003 | |||
| 040 | |||
| 020 | |a [sin ISBN] | ||
| 022 | |a [sin ISBN] | ||
| 090 | |a 026200 | ||
| 100 | |a Camacho Nassar, Carlos | ||
| 245 | |a La ayuda mutua en la construcción de vivienda en Costa Rica. Experiencias y perspectivas. Avance: resultados preliminares / |c Carlos Camacho Nassar | ||
| 260 | |a San José: |b Presidencia de la República. Oficina de Información | ||
| 300 | |a 55 p. | ||
| 700 | |a Cordero Sepúlveda, Gloria | ||
| 700 | |a Porras Ramírez, Carlos Iván | ||
| 999 | |c 6357 |d 6357 | ||
